Normal view
MARC view
- Peppa Pig
Entry Personal Name
001 - CONTROL NUMBER
- control field: 86780
003 - CONTROL NUMBER IDENTIFIER
- control field: OSt
005 - DATE AND TIME OF LATEST TRANSACTION
- control field: 20251013132244.0
008 - FIXED-LENGTH DATA ELEMENTS
- fixed length control field: 251013|| aca||aabn | a|a d
040 ## - CATALOGING SOURCE
- Original cataloging agency: OSt
- Transcribing agency: OSt
100 ## - HEADING--PERSONAL NAME
- Personal name: Peppa Pig
- Titles and other words associated with a name: (Fictitious character)
- Form subdivision: Pictorial works
- Form subdivision: Juvenile fiction
670 ## - SOURCE DATA FOUND
- Source citation: Work cat.: (OSt)49651: Holowaty, Lauren, author. 86070, Peppa Pig: Peppa the Easter bunny., 2020.